| 000 | 00844cab a2200217 4500 | ||
|---|---|---|---|
| 001 | ABS43318 | ||
| 008 | 090401t1990 xxu||||| |||| 00| 0 eng d | ||
| 035 | _a(Sirsi) u41328 | ||
| 041 | _aeng | ||
| 100 | _aCheetham, D.W. | ||
| 245 | _aGraffiti control and removal | ||
| 260 | _c1990 | ||
| 350 | _a0 | ||
| 490 |
_aArchitect and Surveyor _v65(8) September 1990, 26-29(4) |
||
| 520 | _aBased on the new CIRIA publication, this article describes anti- graffiti coatings , removal of graffiti and safety measures to bear in mind; also how to organise a graffiti control policy and how Reading BC has approached the problem. | ||
| 650 | _aBUILT ENVIRONMENT-BUILDING MAINTENANCE AND REFURBISHMENT | ||
| 650 |
_aProperty management _96262 |
||
| 690 | _aBUILDING AND CONSTRUCTION-REPAIRS AND MAINTENANCE | ||
| 942 | _n0 | ||
| 948 | _c04/03/1997 | ||
| 999 |
_c26560 _d26560 |
||